Beresforde and Another v Chesterfield BC and Another (Record no. 20874)

MARC details
000 -LEADER
fixed length control field 01591cab a2200229 4500
001 - CONTROL NUMBER
control field ABS41587
008 - FIXED-LENGTH DATA ELEMENTS--GENERAL INFORMATION
fixed length control field 090401t1989 xxu||||| |||| 00| 0 eng d
035 ## - SYSTEM CONTROL NUMBER
System control number (Sirsi) u31052
041 ## - LANGUAGE CODE
Language code of text/sound track or separate title eng
245 ## - TITLE STATEMENT
Title Beresforde and Another v Chesterfield BC and Another
260 ## - PUBLICATION, DISTRIBUTION, ETC.
Date of publication, distribution, etc. 1989
350 ## - PRICE (NR) (BK AM CF MU VM SE) [OBSOLETE]
Price 0
490 ## - SERIES STATEMENT
Series statement Estates Gazette
Volume/sequential designation (1989) 39 EG 176-178(2)
520 ## - SUMMARY, ETC.
Summary, etc. CA 10 July 1989. Appeal by purchaser (B) from decision by Official Referee, who struck out a claim against the Woolwich Equitable Building Society , (W), on the grounds that it showed no reasonable cause of action. B commenced an action for negligence against W and the local council (C), after serious defects were discovered in a house purchased by B. The valuation report from an independent firm of surveyors, instructed by W, was headed with W`s name and though it mentioned the fact that the house was constructed on a site affected by coal mine workings, it assumed that the house had been built on a concrete raft foundation. The Official Referee struck out B`s claim, stating that W could not be liable for the negligence of its independent contractor - the firm of surveyors. B appealed to CA, submitting that the heading of the report with W`s name and the reference to W`s valuer conveyed the impression that the report was W`s report and as such it negligently misrepresented the value
650 ## - SUBJECT ADDED ENTRY--TOPICAL TERM
Topical term or geographic name entry element HARRIS V WYRE FOREST DC
650 ## - SUBJECT ADDED ENTRY--TOPICAL TERM
Topical term or geographic name entry element MORTGAGE VALUATIONS
650 ## - SUBJECT ADDED ENTRY--TOPICAL TERM
Topical term or geographic name entry element SMITH V ERIC S BUSH
650 ## - SUBJECT ADDED ENTRY--TOPICAL TERM
Topical term or geographic name entry element SUBSIDENCE
690 ## - LOCAL SUBJECT ADDED ENTRY--TOPICAL TERM (OCLC, RLIN)
Topical term or geographic name as entry element PROFESSIONAL PRACTICE-CASE LAW
942 ## - ADDED ENTRY ELEMENTS (KOHA)
Suppress in OPAC 0
948 ## - LOCAL PROCESSING INFORMATION (OCLC); SERIES PART DESIGNATOR (RLIN)
c (OCLC) 04/03/1997
Holdings
Withdrawn status Lost status Source of classification or shelving scheme Damaged status Not for loan Home library Current library Shelving location Date acquired Total Checkouts Full call number Barcode Date last seen Copy number Price effective from Koha item type
    Dewey Decimal Classification     London London Journal article 14/09/1999   ABS41587 31052-1001 06/08/2019 1 06/08/2019 Law report